000
00233nam a2200085Ia 4500
008
120527s9999 xx 000 0 und d
100
_a
HAWLENS, R
245
_a
Multiple choice questions based on the monthly Add- on journal
942
_c
BK
999
_c
25706
_d
25706